Study the control of insects pests on cashew tree in agr-satr company at kompong cham province សិក្សាអំពីវិធានការណ៍កំចាត់សត្វល្អិតចង្រៃលើដំណាំស្វាយចន្ទីក្នុងក្រុមហ៊ុនអាហ្រ្គូស្តារនាខេត្តកំពង់ចាម (Record no. 1030)

000 -LEADER
fixed length control field 00754nam a22001577a 4500
003 - CONTROL NUMBER IDENTIFIER
control field OSt
005 - DATE AND TIME OF LATEST TRANSACTION
control field 20150922091234.0
008 - FIXED-LENGTH DATA ELEMENTS--GENERAL INFORMATION
fixed length control field 150922b xxu||||| |||| 00| 0 eng d
040 ## - CATALOGING SOURCE
Transcribing agency RUA
082 ## - DEWEY DECIMAL CLASSIFICATION NUMBER
Classification number AGR PIN 2010 B044 Or.1
100 ## - MAIN ENTRY--PERSONAL NAME
9 (RLIN) 1074
Personal name PIN, PISSDA.
245 ## - TITLE STATEMENT
Title Study the control of insects pests on cashew tree in agr-satr company at kompong cham province សិក្សាអំពីវិធានការណ៍កំចាត់សត្វល្អិតចង្រៃលើដំណាំស្វាយចន្ទីក្នុងក្រុមហ៊ុនអាហ្រ្គូស្តារនាខេត្តកំពង់ចាម
260 ## - PUBLICATION, DISTRIBUTION, ETC. (IMPRINT)
Place of publication, distribution, etc. Phnom Penh
Name of publisher, distributor, etc. RUA
Date of publication, distribution, etc. 2010
300 ## - PHYSICAL DESCRIPTION
Extent x; 33p.
Other physical details ill.
Dimensions 29cm.
942 ## - ADDED ENTRY ELEMENTS (KOHA)
Source of classification or shelving scheme
Koha item type AGR
Holdings
Price effective from Date last seen Permanent Location Not for loan Date acquired Source of classification or shelving scheme Koha item type Lost status Withdrawn status Total Renewals Date last checked out Total Checkouts Shelving location Damaged status Barcode Checked out Current Location Full call number
2015-09-222018-07-04Library Block B 2015-09-22 AGR  32018-06-042B044 RUA000427 Library Block BAGR PIN 2010 B044 Or.1
2015-09-222021-01-22Library Block B 2015-09-22 AGR   2021-01-181B044 RUA000356 Library Block BAGR PIN 2010 B044 Or.2
2015-09-222026-01-06Library Block B 2015-09-22 AGR   2025-12-011B044 RUA000149 Library Block BAGR PIN 2010 B044 Or.3
2015-09-222023-12-07Library Block B 2015-09-22 AGR   2023-12-073B044 RUA0004282023-12-25Library Block BAGR PIN 2010 B044 Or.4
2015-09-222022-06-28Library Block B 2015-09-22 AGR   2022-06-153B044 RUA006784 Library Block BAGR PIN 2010 B044 Or.5
2015-09-222015-09-22Library Block B 2015-09-22 AGR     B044 RUA006598 Library Block BAGR PIN 2010 B044 Or.6
2015-09-222019-05-21Library Block B 2015-09-22 AGR   2019-05-212B044 RUA006596 Library Block BAGR PIN 2010 B044 Or.7
មជ្ឈមណ្ឌលឯការនៃសាកលវិទ្យាល័យភូមិន្ទកសិកម្មចំការដូង

Powered by Koha